<?xml version="1.0" encoding="UTF-8"?>
<record
    xmlns:xsi="http://www.w3.org/2001/XMLSchema-instance"
    xsi:schemaLocation="http://www.loc.gov/MARC21/slim http://www.loc.gov/standards/marcxml/schema/MARC21slim.xsd"
    xmlns="http://www.loc.gov/MARC21/slim">

  <leader>00662nam a2200157Ia 4500</leader>
  <controlfield tag="008">090124s9999    xx            000 0 und d</controlfield>
  <datafield tag="082" ind1=" " ind2=" ">
    <subfield code="b">24193</subfield>
    <subfield code="a">3034</subfield>
  </datafield>
  <datafield tag="245" ind1=" " ind2=" ">
    <subfield code="a"> &#x938;&#x93E;&#x935;&#x930;&#x915;&#x930;&#x93E;&#x902;&#x91A;&#x947; &#x938;&#x93E;&#x939;&#x93F;&#x924;&#x94D;&#x92F; &#x91A;&#x93F;&#x902;&#x924;&#x928; (&#x938;&#x93E;&#x939;&#x93F;&#x924;&#x94D;&#x92F; &#x938;&#x92E;&#x940;&#x915;&#x94D;&#x937;&#x93E;)</subfield>
  </datafield>
  <datafield tag="250" ind1=" " ind2=" ">
    <subfield code="a">1</subfield>
  </datafield>
  <datafield tag="260" ind1=" " ind2=" ">
    <subfield code="c">1984</subfield>
  </datafield>
  <datafield tag="300" ind1=" " ind2=" ">
    <subfield code="a">140</subfield>
  </datafield>
  <datafield tag="630" ind1=" " ind2=" ">
    <subfield code="a"> &#x938;&#x93E;&#x935;&#x930;&#x915;&#x930;&#x93E;&#x902;&#x91A;&#x947; &#x938;&#x93E;&#x939;&#x93F;&#x924;&#x94D;&#x92F; &#x91A;&#x93F;&#x902;&#x924;&#x928; (&#x938;&#x93E;&#x939;&#x93F;&#x924;&#x94D;&#x92F; &#x938;&#x92E;&#x940;&#x915;&#x94D;&#x937;&#x93E;)</subfield>
  </datafield>
  <datafield tag="700" ind1=" " ind2=" ">
    <subfield code="a">&#x917;&#x93E;&#x935;&#x921;&#x947; &#x92A;&#x94D;&#x930;. &#x932;.</subfield>
  </datafield>
  <datafield tag="730" ind1=" " ind2=" ">
    <subfield code="a"> &#x938;&#x93E;&#x935;&#x930;&#x915;&#x930;&#x93E;&#x902;&#x91A;&#x947; &#x938;&#x93E;&#x939;&#x93F;&#x924;&#x94D;&#x92F; &#x91A;&#x93F;&#x902;&#x924;&#x928; (&#x938;&#x93E;&#x939;&#x93F;&#x924;&#x94D;&#x92F; &#x938;&#x92E;&#x940;&#x915;&#x94D;&#x937;&#x93E;)</subfield>
  </datafield>
  <datafield tag="942" ind1=" " ind2=" ">
    <subfield code="c">BOOK</subfield>
  </datafield>
  <datafield tag="999" ind1=" " ind2=" ">
    <subfield code="c">137764</subfield>
    <subfield code="d">137764</subfield>
  </datafield>
  <datafield tag="952" ind1=" " ind2=" ">
    <subfield code="0">0</subfield>
    <subfield code="1">0</subfield>
    <subfield code="4">0</subfield>
    <subfield code="7">0</subfield>
    <subfield code="a">THNMGS</subfield>
    <subfield code="b">THNMGS</subfield>
    <subfield code="d">0000-00-00</subfield>
    <subfield code="g">30.00</subfield>
    <subfield code="l">0</subfield>
    <subfield code="o">24193</subfield>
    <subfield code="p">THNMGS-24193</subfield>
    <subfield code="r">2009-01-24 00:00:00</subfield>
    <subfield code="v">30.00</subfield>
    <subfield code="w">2009-01-24</subfield>
    <subfield code="y">BOOK</subfield>
  </datafield>
</record>
